Curso de educación ciudadana para maestros europeos.

Gespeichert in:
Bibliographische Detailangaben
1. Verfasser: Consejo para la Cooperación Cultural (CCC) (autor)
Format: Unbekannt
Sprache:Spanisch
Schlagworte:
Online-Zugang:Ver documento en línea
Tags: Tag hinzufügen
Keine Tags, Fügen Sie das erste Tag hinzu!

MARC

LEADER 00000c**#a2200000ua#4500
001 000502658
003 DLC
005 20260414000000.0
008 070831c^^^^9999^^^^r1^^^^^^^^0^^^^0spa^d
009 20260414194025.06
022 |a 01851284 
035 |a FCE 000046851 
037 |a Acervo ITESO - Biblioteca 
041 |a spa 
095 |a RLEE  |b 97-1-2-265. 
100 |a Consejo para la Cooperación Cultural (CCC)  |e (autor) 
245 1 0 |a Curso de educación ciudadana para maestros europeos. 
264 |a México :  |b Centro de Estudios Educativos,  |c 1997. 
336 |a texto  |b txt  |2 rdacontenido 
337 |a sin mediación  |b n  |2 rdamedio 
338 |a volumen  |b nc  |2 rdasoporte 
649 |a XX 
650 |a Docentes 
650 |a Ensayo 
650 |a Educación cívica 
650 |a Educación ciudadana 
650 |a Europa 
740 |g vol. 27, no. 1-2, 1997, pp. 265-277.  |t Revista Latinoamericana de Estudios Educativos. Documentos, 
856 4 0 |u https://www.cee.edu.mx/rlee/revista/r1991_2000/r_texto/t_1997_1-2_010.pdf  |y Ver documento en línea 
910 |a Fondo Centro de Estudios Educativos 
920 |a Impresos - Libros 
930 |a Fondos Especiales 
905 |a 133 
902 |a https://opac.biblio.iteso.mx/vufind/Record/000502658